| 000 | 00648nam a2200241 i 4500 | ||
|---|---|---|---|
| 001 | bg | ||
| 245 | 0 | 0 |
_aPrivate Banking / _c[koncepcja merytoryczna Roy Hutchinson ; współpr. Bożena Żuławnik et al.]. |
| 260 |
_a[Warszawa : _bPresspublica, _c2007]. |
||
| 300 |
_a58 s. ; _bil. ; _c21 cm. |
||
| 650 | 9 |
_aFinanse _xzarządzanie |
|
| 650 | 9 | _aInwestycje | |
| 655 | _aPoradniki | ||
| 700 | 1 | _aHutchinson, Roy. | |
| 700 | 1 | _aŻuławnik, Bożena. | |
| 020 | _a8386038667 | ||
| 040 | _cBPK | ||
| 041 | 0 | _apol | |
| 044 | _aPOL | ||
| 080 | _a336.72 | ||
| 920 | _a83-86038-66-7 | ||
| 942 | _cKS | ||
| 008 | 100825s2007 pl |000 0 pol | ||
| 999 |
_c49582 _d49582 |
||
| 856 |
_uhttp://koha.tu.koszalin.pl/cgi-bin/koha/opac-detail.pl?biblionumber=49582 _yKatalog online BPK |
||